000 00697nam a2200241Ia 4500
005 20260430150622.0
008 008 250103s9999 xx 000 0 eng d
037 _aTheses
040 _aCRL
040 _beng
040 _ceng
041 _2eng
041 _aeng
084 _qCRL
100 _aSalek Zakrea Au.; Behari Alka Gu.; Kapur Veena Gu.
_91238021
245 0 _aTeaching English to University Students in Afghanistan through the use of Literature: Challenges and Perspectives
260 _c2024
300 _a214p.
650 _aEducation
700 _aUniversity of Delhi. Fculty of Education. Deptt. of Education
_91238018
942 _cTH
999 _c1850226
_d1850226